000 02857nam a2200457 a 4500
003 CHAP
005 20250214091813.0
007 cr ||||||a|c|a
008 110202s2010 mx r 00010 spa d
035 _a112081
040 _cCHAP
090 _aTesis
100 1 _aÁngel Martínez, Edgar.
_982428
245 1 0 _aCaracterización de la producción de fresa en México
_c/por Edgar Ángel Martínez; director de tesis Ignacio Caamal Cauich.
264 1 _aChapingo, Méx. :
_bEl autor,
_c2010.
300 _a1 recurso en línea (95 páginas) :
_bcuadros, figuras.
336 _2rdacontent
_atexto
_btxt
337 _2rdamedia
_acomputadora
_bc
338 _2rdacarrier
_arecursos en línea
_bcr
502 _bIEA
_cDICEA
_d2010.
_gLIC
520 _aLa producción de fresa en el mundo se realiza en países como son; Estados Unidos, España, Alemania, México, entre otros, y representa un porcentaje considerable en las economías de estos países por el ingreso que obtienen. México no es la excepción, ya que a pesar de que es pequeña la producción comparada con otros cultivos como los cereales, genera ingresos significativos por la exportación de esta fruta, que en 2009 fue de 15,459,000 pesos, y en su mayoría es destinada a Estados Unidos, principalmente en invierno, periodo en el cual la producción doméstica se ve reducida por las bajas temperaturas que se presentan. En 2007 de toda la fresa que se exportó, el 99.81% fue hacia Estados Unidos. Los principales estados productores de fresa son Michoacán, Baja California y Guanajuato, los cuales en conjunto participaron en 2009 con el 93.28% del total de la producción nacional y con el 92.35% del valor de dicha producción. En los últimos quince años el comportamiento de la producción de esta hortaliza ha sido constante. Los costos de producción para cada estado son menores a los ingresos, por lo que los indicadores de rentabilidad, VAN y B/C son mayores que los valores críticos. El cultivo es rentable.
590 _aALEPH
_b10
_c20130110
590 _aBATCH-UPD
_b10
_c20130110
590 _aBATCH-UPD
_b10
_c20130410
590 _aBATCH-UPD
_b10
_c20130914
590 _aBATCH-UPD
_b10
_c20140324
590 _aBATCH-UPD
_b10
_c20141002
590 _aBATCH
_b00
_c20181121
590 _aCONVERSION
_b10
_c20130109
650 1 4 _aFresa
_xExportación.
_943206
650 1 4 _aFresa
_xMéxico.
_943223
650 1 4 _aFresa
_xRendimiento.
_943232
700 1 _aCaamal Cauich, Ignacio
_eDirector de tesis.
_916527
856 _uhttp://10.13.5.2/tesis/112081.pdf
_zDESCARGAR PDF
901 _aBK
942 _cTD
_2Clasificación Universidad Autónoma Chapingo
949 _aTesis
_bBC
_cTES
_d33724002225207
_eTS1
_gDonaciØn
_h51889
_i112081
_st
949 _aTesis
_bBC
_cTES
_d33724002225248
_eTS2
_fc.2
_gDonaciØn
_h51890
_i112081
_st
999 _c100421
_d100421